书目信息 |
| 题名: |
东北义勇军
|
|
| 作者: | 元仁山 著 | |
| 分册: | ||
| 出版信息: | 哈尔滨 黑龙江人民出版社 1982 |
|
| 页数: | 119页 | |
| 开本: | 19cm | |
| 丛书名: | ||
| 单 册: | ||
| 中图分类: | K264.3 | |
| 科图分类: | ||
| 主题词: | ||
| 电子资源: | ||
| ISBN: | ||
| 000 | 00592nam0 2200229 45 | |
| 001 | 0182000865 | |
| 005 | 20060808083144.28 | |
| 010 | @dCNY0.35 | |
| 091 | @aCN@b11093.84 | |
| 100 | @a19950531d1982 em y0chiy0121 ea | |
| 101 | 0 | @achi |
| 102 | @aCN@b230000 | |
| 105 | @af z 000yy | |
| 200 | 10 | @a东北义勇军@Adong bei yi yong jun@f元仁山著 |
| 210 | @a哈尔滨@c黑龙江人民出版社@d1982 | |
| 215 | @a119页@c图@d19cm | |
| 601 | 02 | @a东北抗日义勇军 |
| 690 | @aK264.3@v3 | |
| 701 | 0 | @a元仁山@Ayuan ren shan@4著 |
| 801 | 2 | @aCN@bNLC@c20060808 |
| 801 | 0 | @aCN@bTSSF |
| 905 | @a10447@dK264.3@e42 | |
| 东北义勇军/元仁山著.-哈尔滨:黑龙江人民出版社,1982 |
| 119页:图;19cm |
| ISBN :CNY0.35 |
| ● |
| 相关链接 |
|
|
|
|
正题名:东北义勇军
索取号:K264.3/42
 
预约/预借
| 序号 | 登录号 | 条形码 | 馆藏地/架位号 | 状态 | 备注 |
| 1 | 0444903 | 204449034 | 密集书库/ [索取号:K264.3/42] | 在馆 | |
| 2 | 0444904 | 204449043 | 密集书库/ [索取号:K264.3/42] | 在馆 |